00310 2200133 4500001002100000005001500021035002000036245005100056300000800107260002900115082000800144084001200152990001200164INLIS00000000000215820250527114647 a0010-0525000450 aBasic Grammar For Your Better /cAkh. Kardimin a190 bPustaka Widyatama,c2007 a600 a600 BAS a0713245